Laboratory X-ray Diffraction Complex for In Situ Investigations of Structural Phase Evolution of Materials under Gaseous Atmosphere; Metals; Vol. 10, iss. 4

Dettagli Bibliografici
Parent link:Metals
Vol. 10, iss. 4.— 2020.— [447, 15 p.]
Ente Autore: Национальный исследовательский Томский политехнический университет Инженерная школа ядерных технологий Отделение экспериментальной физики
Altri autori: Syrtanov M. S. Maksim Sergeevich, Garanin G. V. Georgy Viktorovich, Kashkarov E. B. Egor Borisovich, Pushilina N. S. Natalia Sergeevna, Kudiyarov V. N. Victor Nikolaevich, Murashkina T. L. Tatiana Leonidovna
Riassunto:Title screen
In this work, a laboratory X-ray diffraction complex for in situ investigations of structural phase evolution of materials under gaseous atmosphere and elevated temperatures was developed. The approbation of the complex was carried out using a commercially pure titanium (CP-Ti) powder, zirconium (Zr-1Nb) alloy and electron beam melted Ti-6Al-4V alloy. It was established that hydrogenation of the CP-Ti powder occurred at a temperature of 500 °C and a hydrogen pressure of 0.5 atm, accompanied by the formation of metastable ? titanium hydride (?-TiH) phase. The lifetime of the ?-TiH phase was 35–40 min. Decomposition of the ?-TiH occurred after reaching a temperature of 650 °C as a result of the thermally stimulated desorption of hydrogen. The a-Zr ? d-ZrH phase transformation was observed under hydrogenation of the zirconium Zr-1Nb alloy at a temperature of 350 °C and a hydrogen pressure of 0.5 atm. It was revealed that the increase in hydrogenation temperature to 450 °C accelerated this transformation by two times. Hydrogenation of the electron beam melted titanium Ti-6Al-4V alloy at a temperature of 650 °C and hydrogen pressure of 0.5 atm was accompanied by the a ? a + Я ? Я + a2 phase transformations.
Lingua:inglese
Pubblicazione: 2020
Soggetti:
Accesso online:http://earchive.tpu.ru/handle/11683/64876
https://doi.org/10.3390/met10040447
Natura: MixedMaterials Elettronico Capitolo di libro
KOHA link:https://koha.lib.tpu.ru/cgi-bin/koha/opac-detail.pl?biblionumber=662171

MARC

LEADER 00000naa0a2200000 4500
001 662171
005 20251122071715.0
035 |a (RuTPU)RU\TPU\network\33306 
090 |a 662171 
100 |a 20200525d2020 k||y0rusy50 ba 
101 0 |a eng 
102 |a CH 
135 |a drcn ---uucaa 
181 0 |a i  
182 0 |a b 
200 1 |a Laboratory X-ray Diffraction Complex for In Situ Investigations of Structural Phase Evolution of Materials under Gaseous Atmosphere  |f M. S. Syrtanov, G. V. Garanin, E. B. Kashkarov [et al.] 
203 |a Text  |c electronic 
300 |a Title screen 
320 |a [References: 44 tit.] 
330 |a In this work, a laboratory X-ray diffraction complex for in situ investigations of structural phase evolution of materials under gaseous atmosphere and elevated temperatures was developed. The approbation of the complex was carried out using a commercially pure titanium (CP-Ti) powder, zirconium (Zr-1Nb) alloy and electron beam melted Ti-6Al-4V alloy. It was established that hydrogenation of the CP-Ti powder occurred at a temperature of 500 °C and a hydrogen pressure of 0.5 atm, accompanied by the formation of metastable ? titanium hydride (?-TiH) phase. The lifetime of the ?-TiH phase was 35–40 min. Decomposition of the ?-TiH occurred after reaching a temperature of 650 °C as a result of the thermally stimulated desorption of hydrogen. The a-Zr ? d-ZrH phase transformation was observed under hydrogenation of the zirconium Zr-1Nb alloy at a temperature of 350 °C and a hydrogen pressure of 0.5 atm. It was revealed that the increase in hydrogenation temperature to 450 °C accelerated this transformation by two times. Hydrogenation of the electron beam melted titanium Ti-6Al-4V alloy at a temperature of 650 °C and hydrogen pressure of 0.5 atm was accompanied by the a ? a + Я ? Я + a2 phase transformations. 
461 |t Metals 
463 |t Vol. 10, iss. 4  |v [447, 15 p.]  |d 2020 
610 1 |a электронный ресурс 
610 1 |a труды учёных ТПУ 
610 1 |a in situ XRD 
610 1 |a hydrogenation 
610 1 |a titanium alloys 
610 1 |a zirconium alloy 
610 1 |a electron beam melting 
610 1 |a thermal expansion coefficient 
610 1 |a рентгенография 
610 1 |a гидрирование 
610 1 |a титановые сплавы 
610 1 |a сплавы циркония 
610 1 |a электронно-лучевая плавка 
701 1 |a Syrtanov  |b M. S.  |c physicist  |c Associate Professor, Researcher of Tomsk Polytechnic University, Candidate of Technical Sciences  |f 1990-  |g Maksim Sergeevich  |3 (RuTPU)RU\TPU\pers\34764  |9 18114 
701 1 |a Garanin  |b G. V.  |c physicist  |c Head of a laboratory at Tomsk Polytechnic University  |f 1976-  |g Georgy Viktorovich  |3 (RuTPU)RU\TPU\pers\30448 
701 1 |a Kashkarov  |b E. B.  |c Physicist  |c Associate Professor, Researcher of Tomsk Polytechnic University, Candidate of Physical and Mathematical Sciences  |f 1991-  |g Egor Borisovich  |3 (RuTPU)RU\TPU\pers\34949  |9 18267 
701 1 |a Pushilina  |b N. S.  |c physicist  |c associate Professor of Tomsk Polytechnic University, candidate of physico-mathematical Sciences  |f 1984-  |g Natalia Sergeevna  |3 (RuTPU)RU\TPU\pers\30838  |9 15085 
701 1 |a Kudiyarov  |b V. N.  |c physicist  |c Associate Professor of Tomsk Polytechnic University, Candidate of Technical Sciences  |f 1990-  |g Victor Nikolaevich  |y Tomsk  |3 (RuTPU)RU\TPU\pers\30836  |9 15083 
701 1 |a Murashkina  |b T. L.  |c Physicist  |c Engineer of Tomsk Polytechnic University, Assistant  |f 1990-  |g Tatiana Leonidovna  |3 (RuTPU)RU\TPU\pers\39441  |9 20984 
712 0 2 |a Национальный исследовательский Томский политехнический университет  |b Инженерная школа ядерных технологий  |b Отделение экспериментальной физики  |3 (RuTPU)RU\TPU\col\23549 
801 2 |a RU  |b 63413507  |c 20210322  |g RCR 
856 4 |u http://earchive.tpu.ru/handle/11683/64876 
856 4 |u https://doi.org/10.3390/met10040447 
942 |c CF